000
00299nam a2200121Ia 4500
008
190216s9999||||xx |||||||||||||| ||und||
100
_a
Gandhi J C
245
0
_a
Marketing A Managerial Introduction
260
_b
Tata Mcgrawhill Publishers
_c
2000
300
_a
496p
650
_a
Commerce
942
_c
BK
999
_c
5974
_d
5974